A PRACTICAL BOOK OF COMPUTER APPICATIONS IN PHARMACY (Record no. 33238)
[ view plain ]
| 000 -LEADER | |
|---|---|
| fixed length control field | 00343nam a2200133Ia 4500 |
| 008 - FIXED-LENGTH DATA ELEMENTS--GENERAL INFORMATION | |
| fixed length control field | 210215s9999 xx 000 0 und d |
| 020 ## - INTERNATIONAL STANDARD BOOK NUMBER | |
| International Standard Book Number | 8123916353 |
| 082 ## - DEWEY DECIMAL CLASSIFICATION NUMBER | |
| Classification number | 615.5 |
| Item number | SHI-A |
| 100 ## - MAIN ENTRY--PERSONAL NAME | |
| Personal name | SHIMPI BANSILAL GOPAL |
| 245 #2 - TITLE STATEMENT | |
| Title | A PRACTICAL BOOK OF COMPUTER APPICATIONS IN PHARMACY |
| 260 ## - PUBLICATION, DISTRIBUTION, ETC. | |
| Name of publisher, distributor, etc. | NIRALI PRAKASHAN |
| 300 ## - PHYSICAL DESCRIPTION | |
| Extent | P65 |
| 942 ## - ADDED ENTRY ELEMENTS (KOHA) | |
| Koha item type | Book |
| Withdrawn status | Lost status | Damaged status | Not for loan | Collection code | Permanent Location | Current Location | Date acquired | Cost, normal purchase price | Full call number | Barcode | Date last seen | Price effective from | Koha item type | Total Checkouts | Date last checked out |
|---|---|---|---|---|---|---|---|---|---|---|---|---|---|---|---|
| Central Library, MUIT, Lucknow | Central Library, MUIT, Lucknow | 2021-02-15 | 60.00 | 615.5 SHI-A | SOPH1134 | 2021-02-15 | 2021-02-15 | Book | |||||||
| Central Library, MUIT, Lucknow | Central Library, MUIT, Lucknow | 2021-02-15 | 60.00 | 615.5 SHI-A | SOPH1135 | 2025-01-21 | 2021-02-15 | Book | 1 | 2025-01-21 | |||||
| Central Library, MUIT, Lucknow | Central Library, MUIT, Lucknow | 2021-02-15 | 60.00 | 615.5 SHI-A | SOPH1136 | 2025-01-21 | 2021-02-15 | Book | 1 | 2025-01-21 |